| 000 | 00560nam a2200229Ia 4500 | ||
|---|---|---|---|
| 008 | 170203s9999 xx 000 0 und d | ||
| 020 | _a1844286681 | ||
| 050 | _aFic | ||
| 050 | _b.C867s 2004 | ||
| 100 | _aCousins, Lucy | ||
| 245 | _aSmile, Maisy! / | ||
| 245 | _cLucy Cousins. | ||
| 260 | _aCambridge, MA : | ||
| 260 | _bCandlewick Press, | ||
| 260 | _c2004 | ||
| 300 | _a1 volume (unpaged) : | ||
| 300 | _bcolor illustrations ; | ||
| 300 | _c25 cm. | ||
| 650 | _aPhotography -- | ||
| 650 | _aPhotography. | ||
| 650 | _xJuvenile fiction. | ||
| 999 |
_c306198 _d306198 |
||